01148nam a2200241Ia 4500003000900000008004100009020001800050040001600068080002300084111008500107245034900192260003700541300001500578490002700593650002900620650002700649700004200676700002700718710003700745942000700782999001700789952010000806IN-BaIIA211028s9999 xx 000 0 eng d a0-7923-5076-6 cIIA Library a082.2:52bIAU-S185 aSymposium of the International Astronomical UnioncJapand1997 Aug. 18-22922010 0aNew eyes to see inside the sun and the stars- pushing the limits of helio and asteroseismology with new observations fromground and from spacebproceedings of the 185th symposium of the IAU , held in Kyoto, Japan, August 18-22, 1997cedited by Franz-Ludwig Deubner, J. Christensen-Dalsgaard and Don Kurtz  aDordrechtbKluwer Academicc1998 axiv, 487p. aIAU Symposium; no. 185 aAsterioseismology922011 aHelioseismology915702 aChristensen-Dalsgaard, J., ed.921800 aKurtz, Don, ed.922012 aInternational Astronomical Union cBK c12559d12559 00104070aBANbBANcGENd1998-06-30l0o082.2:52/ IAU-S185p13476r2021-11-05w1998-06-30yBK